Statistics for 1M+ Cities By Letter On A Map - A

Click here to take the quiz!

General Stats

  • This quiz has been taken 372 times
  • The average score is 13 of 19

Answers on the Map

Answers color-coded by a green-red scale on the quiz's map according to % correct below.
 

Answer Stats

PopulationCity% Correct
3,517,182Ankara
99%
3,811,516Alexandria
95%
1,977,663Algiers
95%
2,757,729Addis Ababa
93%
1,482,200Asuncion
93%
1,963,264Accra
90%
1,225,235Adelaide
90%
1,275,857Amman
87%
1,391,433Antananarivo
85%
3,677,115Abidjan
80%
3,719,710Ahmedabad
79%
2,000,900Almaty
77%
1,602,264Aleppo
73%
1,430,055Agra
65%
1,248,988Adana
42%
1,092,450Amritsar
31%
1,199,275Anshan
29%
1,073,438Allahabad
18%
1,016,441Aurangabad
15%

Score Distribution

Percentile by Number Answered

Percent of People with Each Score

Your Score History

You have not taken this quiz